|
|
|
|
| LEADER |
00000nas a2200000 a 4500 |
| 001 |
ssj0005826 |
| 003 |
WaSeSS |
| 005 |
20200512172242.0 |
| 006 |
m d |
| 007 |
cr n |
| 008 |
860723d198u2016enkmr p s 0 a0eng c |
| 010 |
|
|
|a sn 93004677
|
| 022 |
|
|
|l 0268-7615
|y 0268-7615
|
| 032 |
|
|
|a 760
|b USPS
|
| 035 |
|
|
|a (WaSeSS)ssj0005826
|
| 037 |
|
|
|b Reed Business Pub., 151 Wardour St, London, W1V 4BN, England
|
| 040 |
|
|
|a WOY
|b eng
|c WOY
|d NSD
|d HUL
|d MYG
|d OCLCQ
|d DLC
|d OCLCQ
|d OCLCF
|d OCLCO
|d GILDS
|d OCLCO
|d RDF
|d UKNRU
|d INU
|d OCLCQ
|d WaSeSS
|
| 042 |
|
|
|a nsdp
|a pcc
|
| 050 |
|
4 |
|a HE9781
|b .A37x
|
| 210 |
0 |
|
|a Airl. bus.
|
| 222 |
|
0 |
|a Airline business
|
| 245 |
0 |
0 |
|a Airline business
|h [electronic resource].
|
| 260 |
|
|
|a Surrey, United Kingdom :
|b Business Press International Ltd.,
|c -[2016]
|
| 260 |
3 |
|
|3 March 1987-June 2016:
|a Surrey, United Kingdom :
|b Reed Business Publishing Ltd.
|
| 310 |
|
|
|a Monthly
|
| 362 |
1 |
|
|a Began in November 1985; ceased with volume 32, number 5 (June 2016).
|
| 506 |
|
|
|a License restrictions may limit access.
|
| 515 |
|
|
|a Issues for May 1994-June 2016 called volume 10, no. 5-volume 32, number 5.
|
| 550 |
|
|
|a "From Flightglobal," <January/February 2016>-June 2016.
|
| 588 |
|
|
|a Description based on: December 1986; title from cover.
|
| 588 |
|
|
|a Latest issue consulted: Volume 32, no. 5 (June 2016).
|
| 650 |
|
0 |
|a Airlines
|x Management
|v Periodicals.
|
| 650 |
|
0 |
|a Airlines
|v Periodicals.
|
| 650 |
|
7 |
|a Airlines.
|2 fast
|0 (OCoLC)fst00802946
|
| 650 |
|
7 |
|a Airlines
|x Management.
|2 fast
|0 (OCoLC)fst00802999
|
| 653 |
|
|
|a Transport
|
| 655 |
|
0 |
|a Electronic journals.
|
| 785 |
0 |
0 |
|t Flight airline business
|x 2514-0604
|w (DLC) 2019257023
|w (OCoLC)956503365
|
| 856 |
4 |
0 |
|z Full text available from Research Library: 11/01/2002 to 5 days ago
|u https://search.proquest.com/publication/33189
|